000 01476nam0a2200373 4500
001 RU\NLR\bibl\1091003
005 20260405100824.0
010 _a5-05-005557-1
021 _aRU
_b2007-26974
_91436
035 _a(NLR Aleph) 001078137
090 _a1041293
_c1041293
100 _a20070525d2007 |||y0rusy50 ca
101 0 _arus
_afre
_crus
102 _aRU
105 _aa |||||||||
200 1 _aНевинность и бездна
_dL'innocence et l'abîme
_fИгорь Кузнецов
_zfre
_g[рис. Лидии Коган]
210 _aМосква
_aПариж
_c[б.и.]
_d2007
215 _a367, [1] c.
_cил.
_d15
225 1 _aПуть к совершенству
_dLa voie vers la perfection
_zfre
300 _aАвт. также на фр. яз.: Igor Kouznétsov
300 _aТекст парал. на рус. и фр. яз.
510 1 _6z45790
_aL'innocence et l'abîme
_zfre
686 _aШ6(2=Р)75-495
686 _aШ6(2=Р)77франц.
700 1 _4070
_8rus
_7ca
_aКузнецов
_bИ. В.
_cписатель
_f1951-
_gИгорь Владимирович
_3RU\NLR\auth\7729442
_912471
702 1 _aКоган
_bЛ.
_gЛидия
_4440
790 1 _4070
_8rus
_7ba
_aKuznecov
_bI. V.
_cписатель
_f1951-
_gIgor' Vladimirovič
_3RU\NLR\auth\7736900
_919889
801 0 _aRU
_bNLR
_c20070525
_gRCR
801 1 _aRU
_bNLR
_c20070525
942 _cBOOK
980 _aNB